000 01763nam0a22002651 4500
001 rc\463472
005 20030616172037.7
035 _a(NLR Aleph) 005707718
090 _a7344816
_c7344816
100 _a20030616d1988 u |0rusy50 ca
101 0 _arus
102 _aRU
105 _aa |||||||||
200 1 _aЗАДАЧИ по химии с решениями II и III тура всесоюзной олимпиады по химии "Студент и научно-технический прогресс" среди студентов сельскохозяйственных вузов
_eИз опыта проведения Всесоюз. олимпиады по химии за 1981-1987 г.
_f[Принимали участие: доценты Солонарь А.С., Падольскис М.П., Крейнина Н.М. и др.
_gРед. А.С. Солонаря]
_gГос. агропром. ком. СССР, Кишинев. с.-х. ин-т им. М.Ф. Фрунзе. Каф. неорган. химии, Литов. вет. акад. Каф. химии
210 _aКаунас
_aКишинев
_cБ. и.
_d1988
215 _a62 с.
_cил.
_d21
300 _aЗагл. обл.: Задачи по химии с решениями II и III тура Всесоюзной олимпиады по химии за 1981-1988 год
512 0 _aЗадачи по химии с решениями II и III тура Всесоюзной олимпиады по химии за 1981-1988 год
702 1 _aСолонарь
_bА. С.
_4570
712 0 2 _aКишиневский с.-х. ин-т им. М.В.Фрунзе
_3RU\NLR\AUTH\887247
801 0 _aRU
_bNLR
_gpsbo
801 1 _aRU
_bELAR
_2rusmarc
852 _aNLR
_j89-6/1368
942 _cBOOK
980 _aNB